Vista normal Vista MARC

Entrada Corporate Name

Número de registros utilizados en: 1

001 - CONTROL NUMBER

  • control field: 596

003 - CONTROL NUMBER IDENTIFIER

  • control field: OSt

005 - DATE AND TIME OF LATEST TRANSACTION

  • control field: 20110808132535.0

008 - FIXED-LENGTH DATA ELEMENTS

  • fixed length control field: 110808|||a|||||| | ||| d

040 ## - CATALOGING SOURCE

  • Original cataloging agency: OSt
  • Transcribing agency: OSt

110 ## - HEADING--CORPORATE NAME

  • Corporate name or jurisdiction name as entry element: Argentina. Ministerio de Salud y Acción Social de la Nación.
  • Subordinate unit: Secretaría de Recursos Humanos y Programas de Salud. Subsecretaría de Salud Comunitaria. Direccion de Maternidad e Infancia.

670 ## - SOURCE DATA FOUND

  • Source citation: Work cat.: (OSt)205: Argentina. Ministerio de Salud y Acción Social de la Nación. Secretaría de Recursos Humanos y Programas de Salud. Subsecretaría de Salud Comunitaria. Direccion de Maternidad e Infancia., Propuesta Normativa Perinatal, Atención de las Patologías Perinatales Prevalentes 2., 1993.

UNIVERSIDAD NACIONAL DEL COMAHUE
Biblioteca de la Facultad de Ciencias Médicas
Sede Toschi: Los Arrayanes y Av. Toschi, Cipolletti  - Rio Negro
Sede Los Tordos:  Yrigoyen al 2211, Cipolletti - Rio Negro 

Teléfono: 0299 - 4774707 int 25
Contacto: biblioteca@facimed.uncoma.edu.ar
© 2011 - 2026